MDQL
is popping MORE tags! Check the
thread
!
Quizzes
Events
Quiz Creation
Community
Videos
Private Events
Remove Ads
Sign In
Join for FREE
Feedback
Dark Mode
Quiz Categories
Sports
Geography
Music
Movies
Television
Just For Fun
Miscellaneous
History
Literature
Language
Science
Gaming
Entertainment
Religion
Holiday
For Kids
Quiz Lab
Recent
Popular Today
Quiz Kudos Today
Editor Picks
Curator Picks
Quizzes by...
Day
Popularity
Type
Ratings
Length
Year
Community
Subscriptions
Recent Discussions
Orange Saloon
Badges
Playlists
Quests
Create
Leaderboards
Showdown
Live 5
Trivia Bingo
Activity
Puzzle Library
Sporcle Events
Private Events
Virtual Trivia
Globe League
Become a Host
Pub Owners
SporcleCon
Opinionation
Our Games
Videos
Blog
Mobile Apps
Partnerships
Remove Ads and Go Orange
Feedback
Sports
Athletes
MLB
NBA
NHL
NFL
Soccer
Sports Teams
WWE
NCAA
Football
Premier League
Basketball
Baseball
Hockey
Golf
Tennis
Cricket
Rugby
Auto Racing
Olympics
World Cup
Sports
Athletes
MLB
NBA
NHL
NFL
Soccer
Sports Teams
WWE
NCAA
Football
Premier League
Basketball
Baseball
Hockey
Golf
Tennis
Cricket
Rugby
Auto Racing
Olympics
World Cup
Random Quiz
Search Sporcle
×
Quiz Lab
Quiz Lab
Sports
arena
Type in answers that appear in a list
Type in answers that appear in a list
Classic
Best Score? Go Orange.
Pundit Arena Daily Sports Quiz Challenge – Day 46 Stats
Pundit Arena Daily Sports Quiz Challenge – Day 46
By
robertredmond
5m
20 Questions
22.9K Plays
22,874 Plays
22,874 Plays
Comments
Comments
Give Quiz Kudos
Give Quiz Kudos
-
- Ratings
hide this ad
Replay
Link that replays current quiz
Next Quiz
Link to next quiz in quiz playlist
You Got
0%
They Got
Avg Score
53%
Avg Friend Score
Upgrade to see
Score Distribution
Jump to the score distribution portion of the page
Score
0/20
Timer
05:00
0
Plays Today
Hint
Answer
% Correct
Premier League club nicknamed, 'The Magpies'
Newcastle United
95.1%
Ronaldo played more times for this club than any other team (177)
Real Madrid
82.8%
Jadon Sancho's club before he joined Borussia Dortmund
Manchester City
78.3%
In darts, what is the maximum score possible from three darts?
180
72.4%
Spanish golfer who won the Masters in 1980 and 1983
Seve Ballesteros
71.9%
What is the point value of the black ball in snooker?
7
70.3%
Manchester City manager before Pep Guardiola
Manuel Pellegrini
66.8%
In what country would you find the rugby teams named the Hurricanes, the Highlanders and the Crusaders
New Zealand
63.6%
MLS team based in Seattle
Seattle Sounders
59.6%
Golf course that stages the Masters every year
Augusta National
53.4%
Hint
Answer
% Correct
Team from Turkey that have won the most league titles (28)
Fenerbahçe
52.8%
Japanese midfielder who played 57 times for Man United
Shinji Kagawa
50.2%
Player from Ghana who made the most appearances in the Premier League (168)
Michael Essien
45%
How many players are there in an ice hockey team?
6
43.9%
Irish midfielder who has been linked with a transfer to AC Milan
Jeff Hendrick
34%
How many of Floyd Mayweather's 50 fights did he win by KO?
27
29.7%
Host country of Euro '92
Sweden
28.5%
The club Daniele De Rossi joined after he left Roma
Boca Juniors
25.4%
The first club Brendan Rodgers managed
Watford
18.6%
Leeds striker who was offered a scholarship at Harvard University
Patrick Bamford
17.7%
Quiz Playlist
Details
Report
Send in Message
Add To Playlist
Classic:
Type in answers that appear in a list
Last Updated: Jun 12, 2020
Quiz Scoreboard
CHALLENGE
Sign Up to Join the Scoreboard
Show All
Scores
Hide
Comments
May contain spoilers
Recently Published
1-10 Letter E Words III
by El_Dandy
Language
2m
Street Fighter Characters
by Artimus82
Gaming
60s
College Basketball Coaching Resumes
by pancakes188
Sports
9m
More to Explore
Quiz From the Vault
Featured Blog Post
Where Did the Easter Bunny Come From?
hide this ad
You Might Also Like...
Tags
arena
challenge
Daily
pundit
Today's Top Quizzes in Sports
Browse Sports
hide this ad
Today's Top Quizzes in arena
Browse arena
Top Contributed Quizzes in Sports
1
2022 World Cup Stars
2
Les meilleurs buteurs des matchs entre le PSG et l’OM
3
FIFA Club World Cup Champions
4
Les entraîneurs de l'OM et du PSG au 21e siècle
5
Criteria MLB: Left Handed Sluggers
6
2023 MLB Unique Player Accomplishments
7
AFC Teams Reveal (Wrong Answers Minefield)
8
Players with Multiple 50 Home Run Seasons
9
5-to-1: FBS Animal Nicknames
10
5-to-1: UK Sports Teams
Explore More
Trending Topics
Crossword
Marvel
Kpop
Anime
Disney
Harry Potter
NBA
NFL
WWE
Pokémon
Country
Song
The Office
Soccer
Puzzle
hide this ad
More By:
robertredmond
Quiz
Plays
Rating
Category
Featured
Created
Football League clubs beginning with S
225,979
2.06
Sports
Feb 26, 2017
Premier League clubs relegated since 2007
207,475
2.88
Sports
Feb 24, 2017
Name the clubs beginning with M, and N
153,445
1.47
Sports
Mar 3, 2017
Manchester United number 7s
141,936
1.61
Sports
Mar 9, 2017
Teams never relegated quiz
141,179
1.30
Sports
Feb 28, 2017
Go to Creator's Profile
Score Distribution
Quiz Creator Spotlight
robertredmond
Follow
Send a Message
Quizzes Created
-
Created Quiz Play Count
-
More By This Creator
Popular Quizzes Today
1
Find the US States - No Outlines Minefield
2
Find the Countries of Europe - No Outlines Minefield
3
The Countries of the World
4
Find the US States
5
Risky Map Clicking: Biggest States A-Z
6
US States
7
Popular People in 1961
8
Movies - When Are They Set?
More Sports Quizzes
Euro 2008 Players in the Premier League
Quiz Lab
Trending Quizzes
Risky Map Clicking: Least Populous States A-Z
USA Borders Longest to Shortest
1-10 Letter G Words
1-10 Letter F Words
Countries of the World: 200 Million BC
Recently Updated
Leaping Animals
pecheneg
Reality TV Shows (A-Z)
bhenderson79
Rickey Henderson's Hall of Fame Teammates
pecheneg
Champions League XIs: Arsenal
pecheneg
Quick Pick: Celebrities in WWE's Hall of Fame
aduchscher
A-Z Keypad Blitz II
pecheneg
Multiple Oscar Actors
pecheneg
Mystery Phrase Blitz: Oscar 'Best Actors'
pecheneg
F. Scott Fitzgerald Novels
LTH
Pick 3 Villains
ddd62291
Trending Topics
Disney
Crossword
Marvel
Kpop
Anime
NBA
Harry Potter
Puzzle
NFL
Pokémon
WWE
Song
Soccer
Country
The Office
Your Account Isn't Verified!
In order to create a playlist on Sporcle, you need to verify the email address you used during registration. Go to your
Sporcle Settings
to finish the process.
Report this User
Report this user for behavior that violates our
Community Guidelines
.
Details:
Send Report
Go to the Sporcle.com Mobile Site →
Comments